Reaching and teaching through vacation Bible school / (Record no. 4943)

MARC details
000 -LEADER
fixed length control field 00868cam a2200253 a 4500
001 - CONTROL NUMBER
control field 89386
003 - CONTROL NUMBER IDENTIFIER
control field GBCCL
005 - DATE AND TIME OF LATEST TRANSACTION
control field 20241126110530.0
008 - FIXED-LENGTH DATA ELEMENTS--GENERAL INFORMATION
fixed length control field 850211s1984 tnua 000 0 eng d
035 ## - SYSTEM CONTROL NUMBER
System control number (OCoLC)ocm11680932
040 ## - CATALOGING SOURCE
Original cataloging agency KTS
Transcribing agency KTS
Modifying agency NGW
049 ## -
-- LBBK
082 ## - DEWEY DECIMAL CLASSIFICATION NUMBER
Classification number 268.432
Item number REA
090 ## - LOCALLY ASSIGNED LC-TYPE CALL NUMBER (OCLC); LOCAL CALL NUMBER (RLIN)
Classification number (OCLC) (R) ; Classification number, CALL (RLIN) (NR) BV1585
Local cutter number (OCLC) ; Book number/undivided call number, CALL (RLIN) .R43 1984
092 ## - LOCALLY ASSIGNED DEWEY CALL NUMBER (OCLC)
Classification number 268.41
Item number R22at, 1984
245 00 - TITLE STATEMENT
Title Reaching and teaching through vacation Bible school /
Statement of responsibility, etc. compiled by Arthur D. Burcham.
260 ## - PUBLICATION, DISTRIBUTION, ETC.
Place of publication, distribution, etc. Nashville, Tenn. :
Name of publisher, distributor, etc. Convention Press,
Date of publication, distribution, etc. c1984.
300 ## - PHYSICAL DESCRIPTION
Extent 158 p. :
Other physical details ill. ;
Dimensions 21 cm.
500 ## - GENERAL NOTE
General note "This book is the text for course number 13377 in the subject area 'Sunday school leadership' of the Church study course."
650 #0 - SUBJECT ADDED ENTRY--TOPICAL TERM
Topical term or geographic name entry element Vacation schools, Baptist.
9 (RLIN) 8969
650 #0 - SUBJECT ADDED ENTRY--TOPICAL TERM
Topical term or geographic name entry element Vacation schools, Christian.
9 (RLIN) 8970
700 1# - ADDED ENTRY--PERSONAL NAME
Personal name Burcham, Arthur D.
9 (RLIN) 8971
942 ## - ADDED ENTRY ELEMENTS (KOHA)
Source of classification or shelving scheme Dewey Decimal Classification
Koha item type Books
Koha issues (borrowed), all copies 7
Holdings
Withdrawn status Lost status Source of classification or shelving scheme Damaged status Not for loan Home library Current Library Shelving location Date acquired Total checkouts Full call number Barcode Date last seen Date last checked out Copy number Price effective from Koha item type
    Dewey Decimal Classification     GRACE BIBLE COLLEGE GRACE BIBLE COLLEGE Ministry & Mission 2018-02-15 7 268.432 REA 008233 2025-05-01 2022-04-26 c.1 2018-02-15 Books
© Grace Bible College Library 2025